00320nam a2200109Ia 4500008004000000082001600040100001800056245002700074260008200101300000700183650002000190210210b1993 xxu||||| |||| 00| 0 eng d a369.43 MISO aMISHRA (R S). aOur scouts and guides. aNew Delhi.bPublication Division Ministry of Information & Broadcastingc1993 a60 aScouts Guides